Rabelais tel quel

Збережено в:
Бібліографічні деталі
Автор: Vachon, André
Формат: Книга
Мова:Undetermined
Опубліковано: Montreal, Canadá Université de Montreal 1977
Предмети:
Теги: Додати тег
Немає тегів, Будьте першим, хто поставить тег для цього запису!

MARC

LEADER 00000nam a2200000Ia 4500
008 170316s9999 xx 000 0 und d
040 |a cru BVZT 
090 |a C-840 V-1r 
100 |a Vachon, André 
245 |a Rabelais tel quel 
260 |a Montreal, Canadá 
260 |b Université de Montreal 
260 |c 1977 
300 |a 144 páginas 
650 |a LITERATURA FRANCESA 
650 |a CRÍTICA 
999 |c 13033  |d 13033 
942 |c 15 D  |h C-840 V-1r  |2 z